Word Ladder: Frank Capra Films Quiz Stats

 Plays Quiz Updated Jun 21, 2016

Challenge
Share
Tweet
Embed
Score 0/32 Timer 04:00
1 Play Today
Clue 4-letter Answer % Correct
★ ''___ Comes the Groom'' (1951) ★HERE
98.6%
Large rabbitHARE
98.4%
Female spouseWIFE
98.4%
★ ''It's a Wonderful ___'' (1946) ★LIFE
98.3%
1990 movie: ''Bird on a ___'' WIRE
98%
Past tense of areWERE
98%
2001 movie: ''___ Say a Word''DON'T
97.1%
1999 movie: ''___ Placid''LAKE
96.9%
StoryTALE
96.8%
Welsh actor Christian of 'Batman Begins'BALE
96.6%
★ ''Mr. Smith ___ to Washington'' (1939) ★GOES
96.4%
Digits on the human footTOES
96.4%
Depression in a car's surfaceDENT
96.3%
Toy representing a babyDOLL
96.2%
Money worth 1/100th of a U.S. dollarCENT
96.2%
★ ''You [Rung 23] ___ It with You'' (1938) ★TAKE
95.8%
Clue 4-letter Answer % Correct
★ ''You ___ [Rung 12] It with You'' (1938) ★CAN'T
95.4%
Actors in a playCAST
95.1%
Plural of louseLICE
94.9%
Price paid for somethingCOST
94.7%
★ ''Arsenic and Old ___'' (1944) ★LACE
94.6%
Dull, stupid personDOLT
94.4%
Herb used to flavor soups and picklesDILL
94.3%
2001 movie: ''Monster's ___''BALL
94%
Pulls or hauls something broken downTOWS
92.3%
★ ''___ Horizon'' (1937) ★LOST
90.7%
★''Broadway ___'' (1934) ★BILL
89.8%
American Revolutionary War hero Nathan ___HALE
87.9%
★ ''Mr. Deeds [Rung 29] to ___'' (1936) ★ TOWN
87.2%
A failureLOSS
84.5%
Former US Director of the CIA PorterGOSS
83%
★ ''A ___ in the Head'' (1959) ★HOLE
80.4%

Today's Daily Dose

Word Ladder
King of the...

Quick Pick
The Doors Songs

On This Day
August 17th II

You're not logged in!

Compare scores with friends on all Sporcle quizzes.
Join for Free
OR
Log In

You Might Also Like...

Show Comments

Extras

Top Quizzes Today


Score Distribution

Your Account Isn't Verified!

In order to create a playlist on Sporcle, you need to verify the email address you used during registration. Go to your Sporcle Settings to finish the process.

Report this User

Report this user for behavior that violates our Community Guidelines.

Details: